Soviet nightingales : care under communism /

"Examines the role nurses and orderlies played in psychiatric care post-WWII and analyzes relationships and power dynamics between medical workers. Engages with key issues affecting medical workers and broader social and political events, including the role of nurses as moral ambassadors in the...

Full description

Bibliographic Details
Main Author: Grant, Susan, 1982- (Author)
Corporate Author: JSTOR (Organization)
Format: eBook
Language:English
Published: Ithaca ; London : Cornell University Press, [2022]
Subjects:
Online Access:Connect to the full text of this electronic book

MARC

Tag First Indicator Second Indicator Subfields
LEADER 00000cam a2200000 i 4500
001 in00004635987
006 m o d
007 cr |||||||||||
008 210916s2022 nyu ob 001 0 eng
005 20230103223605.4
010 |a  2021045770 
035 |a (OCoLC)on1268544223 
040 |a DLC  |b eng  |e rda  |c DLC  |d OCLCF  |d P@U  |d YDX  |d DLC  |d OCLCO  |d DEGRU  |d JSTOR 
020 |a 9781501762611  |q (epub) 
020 |a 1501762613 
020 |a 9781501762604  |q (pdf) 
020 |a 1501762605 
020 |z 9781501763564  |q (hardcover) 
020 |z 9781501762598  |q (paperback) 
035 |a (OCoLC)1268544223 
037 |a 22573/ctv30wfj6p  |b JSTOR 
042 |a pcc 
043 |a e-ur--- 
050 0 0 |a RA418.3.S65 
072 7 |a HIS  |x 032000  |2 bisacsh 
082 0 0 |a 362.10947  |2 23 
049 |a TXAM 
100 1 |a Grant, Susan,  |d 1982-  |e author. 
245 1 0 |a Soviet nightingales :  |b care under communism /  |c Susan Grant. 
264 1 |a Ithaca ;  |a London :  |b Cornell University Press,  |c [2022] 
300 |a 1 online resource 
336 |a text  |b txt  |2 rdacontent 
337 |a computer  |b c  |2 rdamedia 
338 |a online resource  |b cr  |2 rdacarrier 
504 |a Includes bibliographical references and index. 
505 0 |a War and revolution -- Creating order out of chaos -- Black star, red star: finding the Soviet way -- Proletarian paradise: medical workers rise up -- Stalinist care: cadres decide everything -- Fortresses of sanitary defense: preparing for war -- A decade of war and reconstruction -- Caring for the mind -- Communist morality, activism, and ethics. 
520 |a "Examines the role nurses and orderlies played in psychiatric care post-WWII and analyzes relationships and power dynamics between medical workers. Engages with key issues affecting medical workers and broader social and political events, including the role of nurses as moral ambassadors in the 1960s and the importance of ethics and deontology in nursing in the 1970s and 1980s."--  |c Provided by publisher. 
588 |a Description based on print version record and CIP data provided by publisher. 
650 0 |a Social medicine  |z Soviet Union. 
650 0 |a Nurses  |z Soviet Union  |x History. 
650 0 |a Nurses  |z Soviet Union  |x Social conditions. 
650 0 |a Nursing ethics  |z Soviet Union. 
650 0 |a Medical ethics  |z Soviet Union. 
650 6 |a Infirmières  |z URSS  |x Histoire. 
650 6 |a Infirmières  |z URSS  |x Conditions sociales. 
650 6 |a Infirmières  |x Déontologie  |z URSS. 
650 6 |a Éthique médicale  |z URSS. 
650 7 |a HISTORY / Russia & the Former Soviet Union.  |2 bisacsh 
650 7 |a Medical ethics.  |2 fast  |0 (OCoLC)fst01014081 
650 7 |a Nurses.  |2 fast  |0 (OCoLC)fst01041618 
650 7 |a Nurses  |x Social conditions.  |2 fast  |0 (OCoLC)fst01041682 
650 7 |a Nursing ethics.  |2 fast  |0 (OCoLC)fst01041889 
650 7 |a Social medicine.  |2 fast  |0 (OCoLC)fst01122637 
651 7 |a Soviet Union.  |2 fast  |0 (OCoLC)fst01210281 
650 7 |a HISTORY / Europe / Russia & the Former Soviet Union  |2 bisacsh 
655 7 |a Electronic books.  |2 local 
655 7 |a History.  |2 fast  |0 (OCoLC)fst01411628 
710 2 |a JSTOR (Organization) 
776 0 8 |i Print version:  |a Grant, Susan, 1982-  |t Soviet nightingales  |d Ithaca ; London : Cornell University Press, [2022]  |z 9781501763564  |w (DLC) 2021045769 
856 4 0 |u https://www.jstor.org/stable/10.7591/j.ctv310vkht  |z Connect to the full text of this electronic book  |t 0 
955 |a JSTOR Open Access ebooks 
994 |a 92  |b TXA 
999 f f |s 221830c8-5260-4b13-8138-a697812a7753  |i 58efea44-bee7-41a3-a4f9-96d4949e31d7  |t 0 
952 f f |a Texas A&M University  |b College Station  |c Electronic Resources  |d Available Online  |t 0  |e RA418.3.S65   |h Library of Congress classification 
998 f f |a RA418.3.S65   |t 0  |l Available Online